Identifikácia nekonzistencií v genetických informáciách vo veľkých dátových populáciách

Saved in:
Bibliographic Details
Main Author: Hutirová, Katarína (Author)
Other Authors: Kováčová, Monika (Thesis advisor)
Format: Manuscript Book
Language:Slovak
Published: 2024
Subjects:
Online Access:http://is.stuba.sk/zp/portal_zp.pl?podrobnosti=177089
Tags: Add Tag
No Tags, Be the first to tag this record!

MARC

LEADER 00000ntm a22000003a 4500
001 stuzp100123
003 SK-STU
005 20240608213409.2
007 ta
008 150427s2015----xo-----f-mn---000-0-slo-d
040 |a STU  |b slo 
041 0 |a slo 
100 1 |a Hutirová, Katarína  |u 070200  |4 aut  |U FIIT Fakulta informatiky a informačných technológií  |T FIIT Ústav informatiky, informačných systémov a softvérového inžinierstva  |X 102958  |U I200  |Y 179  |7 102958 
242 0 1 |a Identifying Inconsistencies in Genetic Information in Large Data Populations  |y eng 
245 1 0 |a Identifikácia nekonzistencií v genetických informáciách vo veľkých dátových populáciách 
260 |c 2024 
650 4 |a predikcia potomstva  |2 slo 
650 4 |a genetika mačiek  |2 slo 
650 4 |a FIFe EMS System  |2 slo 
650 4 |a offspring prediction  |2 eng 
650 4 |a cat's genetics  |2 eng 
650 4 |a FIFe EMS System  |2 eng 
700 1 |a Kováčová, Monika  |u 070200  |k Z1  |4 ths  |U FIIT Fakulta informatiky a informačných technológií  |T FIIT Ústav informatiky, informačných systémov a softvérového inžinierstva  |X 2333  |U I200  |Y 179  |7 A000002333 
856 4 |u http://is.stuba.sk/zp/portal_zp.pl?podrobnosti=177089